000 00620nam a22001932 4500
001 0000000223
005 20151021151041.0
008 070117s xx 000 0 eng d
020 _a8176352918 :
_cKES 2,400
040 _aKABU
_cKABU
100 1 _aHarris, Mathew.
_@0000148316
245 1 0 _aSams teach yourself Microsoft Excel 2000 programming in 21 days /
_cMatthews Harris.
260 _aNew Delhi :
_bTechmedia,
_c1999.
300 _axvii, 1145 p.
650 0 _aMicrosoft Excel (Computer file)
_@0000148315
908 _a070117
950 _@1
999 _c89
_d89